Segredo na praia (Registo nº 2022)

Detalhes MARC
000 -Etiqueta do registo
Cabeçalho 00852nam a22002651 4500
005 - Identificador da versão
Campo de controlo 20240827113256.0
021 ## - Número do Depósito Legal
Código do país PT
Número 17049/87
100 ## - Dados gerais de processamento
Dados gerais de processamento 19940930d1987 da y0pory5003 ba
101 1# - Língua de publicação
Língua do texto, banda sonora, etc. Português
Língua do documento no original Inglês
102 ## - Pais de publicação ou produção
País de publicação Portugal
105 ## - Campo de dados codificados: livros
Dados codificados dos livros a z 000ay
106 ## - Campo de dados codificados: material textual
Dados codificados do material textual r
200 1# - Titulo e menção de responsabilidade
Título próprio Segredo na praia
Primeira menção de responsabilidade Laura Lee Hope
Outras menções de responsabilidade trad. Maria da Conceição Ribeiro da Costa
-- il. Luís Anglin
210 ## - Publicação, Distribuição, etc. 
Lugar da edição, distribuição, etc. Lisboa
Nome do editor, distribuidor, etc. Verbo
Data da publicação, distribuição, etc. imp. 1987
215 ## - Descrição física 
Indicação específica da natureza do documento e extensão da espécie 143 p.
Outras indicações físicas il.
Dimensões 21 cm
225 2# - Colecção 
Título próprio da colecção As aventuras dos 4 gémeos
Indicação de volume 3
304 ## - Notas relativas a título e menção de responsabilidade 
Texto da nota Tít. orig.: The secret at the seashore
606 ## - Nome comum usado como assunto
Número de registo de entrada de autoridade 0000229
Palavra de ordem Literatura estrangeira infanto-juvenil
Subdivisão de assunto Romance de aventuras
675 ## - Classificação Decimal Universal (CDU)
Notação 82-311.3
Edição
Língua da edição por
700 #1 - Nome de autor-pessoa física (responsabilidade principal)
Número de registo de entrada de autoridade 0000688
Palavra de ordem Hope
Outra parte do nome não tomada para palavra de ordem Laura Lee
702 #1 - Nome de autor-pessoa física (responsabilidade secundária)
Número de registo de entrada de autoridade 0000718
Palavra de ordem Costa
Outra parte do nome não tomada para palavra de ordem Maria da Conceição Ribeiro da
Código de função Tradutor
Número de registo de entrada de autoridade 0000689
Palavra de ordem Anglin
Outra parte do nome não tomada para palavra de ordem Luís
Código de função Ilustrador / Técnico de desenho computorizado
942 ## - Elementos de entrada adicionados (Koha)
Tipo de item no Koha Livro
Exemplares
Situação do levantamento Origin of item (home branch) (coded) Biblioteca de empréstimo Código de barras Cota Circulation type (not for loan) Tipo de documento Nota do exemplar Damaged status
  Biblioteca Escolar da Coca Maravilhas Biblioteca Escolar da Coca Maravilhas BECM2590/94 8EST HOP   Livro Sem mensagem